| 000 | 01126cam a2200253 i 4500 | ||
|---|---|---|---|
| 005 | 20180803170215.0 | ||
| 008 | 020703s2001 pe ab b f000 0 spa c | ||
| 040 |
_aIXA _cIXA _dDLC _dCO-BoIAVH |
||
| 041 | _aspa | ||
| 042 | _apcc | ||
| 043 |
_as-pe--- _asa----- |
||
| 082 | 0 | 4 |
_a338.9 _bM18m |
| 245 | 0 | 0 |
_aMadre de Dios, camino al desarrollo sostenible : _bpropuesta de zonificación ecológica económica como base para el ordenamiento territorial. |
| 260 |
_aPuerto Maldonado : _bInstituto de Investigaciones de la Amazonia Peruana, Consejo Transitorio de Administración Regional de Madre de Dios, _c2001. |
||
| 300 |
_a135 páginas : _bcol. ill., col. maps ; _c30 cm. + _e1 col. map (102 x 69 cm. folded to 26 x 19 cm.) |
||
| 650 | 1 | 4 |
_aPolítica ambiental _zPeru |
| 650 | 2 | 4 | _aPolítica ambiental |
| 650 | 2 | 4 |
_aDesarrollo sostenible _zPeru |
| 650 | 2 | 4 |
_aÁreas protegidas _zPeru |
| 650 | 2 | 4 |
_aManejo forestal _zPeru |
| 710 | 2 | _aConsejo Transitorio de Administración Regional de Madre de Dios. | |
| 942 |
_2ddc _cLIBRO |
||
| 999 |
_c18026 _d18026 |
||